Disney Characters A to Z by Picture - Statistics

General Stats
  • This quiz has been taken 98 times
  • The average score is 20 of 25
Answer Stats
Picture Hint Answer % Correct
C Cinderella
99%
D Dumbo
99%
H Hercules
99%
A Alice
97%
E Elsa
97%
P Peter Pan
96%
T Tarzan
96%
L Lilo
94%
M Moana
94%
S Simba
94%
J Jasmine
92%
R Rapunzel
92%
G Gaston
90%
U Ursula
90%
W Wendy Darling
85%
B Bruno Madrigal
77%
Q Quasimodo
77%
K Kanga
72%
N Nick Wilde
72%
F Flower
57%
O Oliver
57%
Z Zazu
57%
V Vanellope von Schweets
51%
Y Yzma
43%
I Ichabod Crane
33%
No matching quizzes found
Score Distribution
Percent of People with Each Score
Percentile by Number Answered
Your Score History
You have not taken this quiz